[Event "Tata Steel-B 73rd"]
[Site "Wijk aan Zee"]
[Date "2011.01.22"]
[Round "7"]
[White "Ganguly, Surya Shekhar"]
[Black "Spoelman, Wouter"]
[Result "1-0"]
[WhiteElo "2651"]
[BlackElo "2547"]
[Annotator "Stohl,I"]
[PlyCount "51"]
[EventDate "2011.01.14"]
[EventType "tourn"]
[EventRounds "13"]
[EventCountry "NED"]
[EventCategory "17"]
[SourceTitle "CBM 141"]
[Source "ChessBase"]
[SourceDate "2011.03.17"]
[SourceVersion "1"]
[SourceVersionDate "2011.03.17"]
[SourceQuality "1"]

1. e4 c5 2. Nf3 d6 3. d4 cxd4 4. Nxd4 Nf6 5. Nc3 a6 6. Bg5 Nbd7 $5 7. f4 ({
Some recent tactical adventures after} 7. Bc4 Qb6 8. Bb3 (8. Qd2 Qxb2 9. Rb1
Qa3 10. O-O (10. f4 e6 11. Bxe6 fxe6 12. Nxe6 Qa5 13. O-O Kf7 14. f5 Be7 15.
Qe3 Re8 16. Qg3 Nc5 17. Nxg7 Rg8 18. Ne6 h6 19. e5 dxe5 20. Qxe5 Rxg5 21. Nxg5+
hxg5 22. Rfe1 Bf8 $19 {Robson,R (2539)-So,W (2668)/Lubbock/2010/}) 10... e6 11.
Kh1 Be7 12. f4 b5 (12... h6 $5 $15) 13. Bb3 Nc5 $6 (13... Bb7 $142) 14. Bxf6
Bxf6 15. e5 dxe5 $2 16. fxe5 Bxe5 17. Nc6 Bc7 {Andriasian,Z (2588)-Raykhman,A 
(2362)/Kalamaria/2010/} (17... Nd7 18. Rxf7 $1 Kxf7 19. Bxe6+ Kxe6 20. Qd5+ Kf6
21. Rf1+ Kg6 22. Qd3+ Kh6 23. Qh3+ Kg6 24. g4 $1 h5 25. Qd3+ Kg5 26. Ne4+ Kg6
27. Ne7+ Qxe7 28. Nd6+ Kg5 29. Qe3+ Kg6 30. Qe4+ Kh6 31. g5+ $1 Kxg5 32. Rg1+
$18) 18. Nd5 $1 $18) 8... e6 9. Qd2 Be7 (9... Nc5 10. Bxf6 gxf6 11. O-O-O Bd7
12. f4 Qc7 13. f5 b5 14. fxe6 fxe6 15. Rhf1 b4 16. Nce2 Rc8 17. Rxf6 Bg7 {
Hunt,A (2437)-Cheparinov,I (2661)/EU Cup Plovdiv/2010/} 18. Rxe6+ $1 Nxe6 19.
Bxe6 $16) 10. O-O-O Nc5 11. f3 O-O 12. Kb1 Qc7 13. g4 b5 14. a3 Bd7 15. h4 Qb7
(15... Rab8 $142 $5 {transposes to Shirov-Dominguez, Wijk aan Zee 2010.}) 16.
h5 a5 $2 17. h6 g6 18. Nf5 $1 gxf5 (18... exf5 19. Nd5 $40) 19. Bh4 Nfxe4 {
1/2 Bezemer,A (2318)-Burg,T (2455)/Netherlands 2011/The Week in Chess 849 (55)}
(19... Kh8 20. Qg5 Rg8 21. Qxf6+ Bxf6 22. Bxf6+ Rg7 23. hxg7+ Kg8 24. Rxh7 $18)
(19... Rfb8 20. Qg5+ Kf8 21. Qg7+ Ke8 22. Bxf6 Bf8 23. Qxh7 Nxb3 24. Qg8 {
1-0,Haznedaroglu,K (2439)-Brkic,A (2564)/Rijeka/2010/}) 20. Nxe4 $1 (20. fxe4
Nxb3 21. cxb3 f6 22. gxf5 $16 {Bezemer,A (2318)-Burg,T (2455)/NED-chT/2011/})
20... Nxb3 21. cxb3 f6 22. gxf5 Kh8 23. Qg2 Rg8 24. Qh3 $18 {For more details
about this line see my notes to Giri-Gelfand, Amsterdam 2010 in CBM 138.}) 7...
e5 ({More topical is} 7... Qc7 8. Qf3 (8. Qe2 e6 (8... e5 9. Nb3 $6 (9. Nf5
$142) 9... h6 10. Bxf6 Nxf6 11. f5 b5 12. a3 d5 13. Nxd5 Nxd5 14. exd5 Bxf5 15.
g4 Bg6 16. Nd4 Be7 17. Nc6 Bh4+ 18. Kd1 O-O 19. Bg2 e4 20. b3 Bf6 21. Ra2 Qd7
22. c4 bxc4 23. bxc4 Rac8 24. Kc1 Bg5+ 25. Kb1 e3+ 26. Kc1 Rxc6 27. dxc6 Qd4
28. c7 Bd3 29. Bd5 Qc3+ 30. Kd1 Qb3+ {0-1 Huseyn,O (2115)-Csiba,D (2389)/
Batumi 2010/CBM 138 Extra}) 9. O-O-O Be7 10. g4 b5 11. a3 Bb7 12. Bg2 Rc8 13.
Bxf6 (13. Bh4 Qc5 14. Qd2 b4 15. axb4 Qxb4 16. g5 Nb6 $1 17. Nb3 $2 (17. Nb1 $8
Qxd2+ 18. Nxd2 Nh5 $13 {/=/+}) 17... Nxe4 $1 18. Nxe4 Qxb3 19. Kb1 Bxe4 20.
Bxe4 Qa4 21. Rhe1 d5 22. Bd3 Nc4 23. Bxc4 Rxc4 24. Bg3 O-O $19 {Daulyte,D 
(2293)-Vera Gonzalez Quevedo,R (2518)/Cappelle la Grande /2011/}) 13... Nxf6
14. g5 Nd7 15. h4 Qc4 16. Qe1 b4 17. axb4 Qxb4 18. f5 e5 19. Nb3 Nb6 20. Kb1 a5
21. Nd5 Qxe1 22. Rhxe1 Bxd5 23. exd5 a4 24. Nd2 h6 $132 {Naiditsch,A (2700)
-Spoelman,W (2512)/Deizisau/2009/}) 8... h6 9. Bxf6 Nxf6 10. f5 {Perhaps the
safest choice is} e5 (10... Qc5 11. O-O-O g5 12. fxg6 $5 Bg4 13. gxf7+ Kxf7 14.
Qd3 Bxd1 15. Nxd1 e6 16. g3 Re8 17. Nc3 b5 18. Kb1 Bg7 19. Bh3 Qh5 20. Bg2 Nd7
21. Nce2 Qc5 22. Bh3 $44 {[%csl Rf7] Kokarev,D (2612)-Kovalyov,A (2615)/Mumbai/
2010/ White has long-term cpmpensation due to Black's insecure K.}) (10... Bd7
$146 11. O-O-O Rc8 (11... e5 $5 {seems more logical, but Black continues to
develop in a very original fashion.}) 12. Kb1 Qc5 13. Nd5 h5 14. Be2 Ng4 15. h3
Ne5 16. Qb3 b5 17. Rhf1 Rh7 18. Nf4 h4 19. Nd5 Rh6 20. Nf3 a5 21. Nxe5 dxe5 22.
a3 a4 23. Qd3 Rd6 24. c3 Rb8 25. Rd2 Rb7 26. Bg4 Bc6 27. Qe2 Rbd7 28. Bf3 Kd8
29. Rfd1 e6 30. fxe6 fxe6 31. Nb4 Rxd2 32. Nxc6+ Qxc6 33. Rxd2 $36 {[%csl Rb5,
Rd8,Re5,Re6] Swiercz,D (2540)-Nyzhnyk,I (2530)/Wijk aan Zee C/2011/ Even
despite simplification Black's problems persist, his K and his P are
vulnerable and in the end the loss of the ><b5 cost him the game.}) 11. fxe6
fxe6 $132) 8. Nf5 {Definitely the main move.} (8. Nb3 {is too passive:} Be7 9.
Be2 h6 10. Bxf6 Nxf6 11. f5 O-O 12. Qd3 b5 13. O-O-O Bb7 14. Kb1 Re8 15. Bf3 a5
16. Nd5 Bxd5 17. exd5 a4 $15 {Haznedaroglu,K (2499)-Ragger,M (2561)/EU-chT
Novi Sad/2009/}) (8. Nf3 Qc7 9. Bd3 h6 10. Bxf6 Nxf6 11. Qd2 Be7 12. O-O-O b5
13. fxe5 dxe5 14. Qe1 O-O 15. Nd5 Nxd5 16. exd5 Bd6 $15 {Guseinov,G (2609)
-Sutovsky,E (2650)/Baku/2010/}) 8... Qb6 (8... h6 9. Bxf6 (9. Nxd6+ $142 $1
Bxd6 10. Qxd6 hxg5 11. fxe5 Nxe4 12. Nxe4 Qa5+ 13. c3 Qxe5 14. Qxe5+ Nxe5 15.
Nxg5 $14) 9... Nxf6 10. fxe5 dxe5 (10... Nxe4 $1 11. Nxe4 Bxf5 12. Nxd6+ Bxd6
13. exd6 O-O $32 {|^}) 11. Qxd8+ Kxd8 12. Ne3 Be6 13. O-O-O+ Kc7 14. Bc4 Bc5
15. Ned5+ Bxd5 (15... Nxd5 $142) 16. Nxd5+ Nxd5 17. Bxd5 f6 18. Rd3 $14 {
Krzyzanowski,M (2342)-Sadikhov,U (2115)/Krakow/2010/}) 9. Qd2 ({A more recent
wild, but rather dubious sacrificial idea is} 9. Qf3 $146 Qxb2 10. Rb1 Qxc2 11.
Bc4 Nxe4 12. O-O Qxc3 (12... Nxc3 $5 13. Nxg7+ (13. Nd4 Ne2+ $1 14. Qxe2 Qxe2
15. Nxe2 f6 $19) 13... Bxg7 14. Bxf7+ Kxf7 15. fxe5+ Nf6 $1 16. exf6 (16. Bxf6
Nxb1 17. Bxg7+ Bf5 18. Bxh8 Rxh8 $19) 16... Bf8 {and I don't see how White can
justify his material investment.}) 13. Qxe4 Nc5 14. Bxf7+ (14. Qd5 Be6 15.
Nxd6+ Bxd6 16. Qxd6 Qd4+ $17) 14... Kxf7 15. Qd5+ Be6 $2 (15... Ke8 16. fxe5
Ne6 $1 $17) 16. Rxb7+ $1 {Suddenly Black is mated by force!} Kg8 (16... Nxb7
17. Nh6+ $1 gxh6 18. fxe5+ Kg7 19. Qxe6 $18) 17. Rxg7+ $1 Bxg7 18. Ne7+ Kf7 19.
fxe5+ Bf6 20. Rxf6+ Kxe7 21. Qxd6+ {1-0,Kotronias,V (2599)-Xiu,D (2508)/Moscow
Aeroflot/2011/} Ke8 22. Rf8+ $1 Rxf8 23. Qe7#) 9... Qxb2 {Risky, but
consistent.} 10. Rb1 Qa3 11. Be2 (11. Rb3 {only chases Black's queen to the
defence after} Qc5 12. Be2 b5 13. fxe5 dxe5 14. Nd5 Nxe4 15. Qa5 f6 16. Nc7+
Kf7 17. Be3 Qc6 18. Nxa8 Ndc5 19. Bxc5 Bxc5 20. Qc7+ Qxc7 21. Nxc7 Bxf5 22.
Nxa6 Bf2+ 23. Kf1 Rc8 24. g4 Be6 25. Bd3 Bd5 26. Rxb5 Ba8 27. h4 Nc3 $17 {
Etaoin Shrdlu (2727)-Ibermax (2560)/playchess.com/2007/}) ({More to the point
is the dangerous} 11. Bc4 $5 {Here the B is actively placed, but Black can
gain a tempo in the future by attacking it (b5,Qc5).} h6 12. Bh4 g6 13. Ne3 {
A possible improvement is} Be7 $5 (13... exf4 14. Ned5 Nxd5 15. Nxd5 Bg7 16.
Rb3 (16. Nc7+ Kf8 17. Rb3 $2 Qc5 18. Nxa8 Qxc4 $17) 16... Qc5 17. Be2 Kf8 (
17... O-O $4 18. Bf2 $18) (17... Bd4 18. Rf1 $1 g5 19. Bf2 Bxf2+ 20. Rxf2 O-O
21. g3 $44) 18. Bf2 Qc6 19. Bd4 Bxd4 20. Qxd4 Rg8 21. Rc3 Nc5 22. Nxf4 Be6 23.
e5 g5 24. Bf3 Qd7 25. Nh5 g4 26. Be2 b6 27. Nf6 Qc6 28. O-O $16 {->, Liskevich,
V (2428)-Schinke,A (2516)/corr/2008/}) 14. fxe5 (14. Bf2 Qa5 $15) 14... dxe5
15. O-O O-O 16. Ned5 Nxd5 17. Bxd5 Kg7 $13 (17... Bxh4 $6 18. Qxh6 Qe7 19.
Qxg6+ Kh8 20. Qh6+ Kg8 21. Rf3 Nc5 22. Qg6+ Kh8 23. Qh5+ Kg7 24. Bxf7 Rxf7 25.
Nd5 Qe6 26. Rxf7+ Qxf7 27. Qxh4 Be6 28. Qg5+ Qg6 29. Qe7+ $16)) ({Too soft is} 
11. Bd3 h6 12. Bh4 exf4 13. O-O g6 14. Nd4 Bg7 15. Rb3 Qa5 16. Qxf4 O-O 17.
Qxd6 Ng4 18. Be7 Be5 $19 {Matejovic,J (2239)-Hoelzl,F (2339)/Zadar/2009/})
11... h6 12. Bh4 (12. Bxf6 $143 $6 Nxf6 13. O-O exf4 14. Rxf4 b5 15. Kh1 Be6
16. Rd1 Qc5 17. Rff1 $2 Rc8 $17 {Matt,F (2053)-Hoelzl,F (2325)/Vienna/2010/})
12... exf4 $5 $146 {[%mdl 8]} ({This novelty is an improvement over} 12... g6
$6 13. Ne3 exf4 14. Ned5 Nxd5 (14... g5 15. Bf2 Nxd5 16. Nxd5 $36) 15. Nxd5 Bg7
16. Nc7+ Kf8 17. Rb3 {Here contrary to the above line White's B is not en
prise and he wins a whole R.} Qxa2 18. Nxa8 Be5 19. O-O Nc5 20. Rb4 Qa5 {
Espinosa Aranda,A (2403)-Idani,P (2278)/Porto Carras/2010/} 21. Bf3 b5 22. Rd4
Qxd2 23. Rxd2 $16) 13. Bf2 (13. O-O $5 Qa5 (13... g5 14. Bf2 Qa5 15. Rfd1 $32)
14. Rfd1 Qc7 (14... d5 15. exd5 Bc5+ 16. Kh1 $44 {/\} O-O $6 17. Rb3 $36) 15.
Rb4 b5 16. Rd4 $44) 13... Nc5 (13... g6 $6 14. Rb3 Qa5 15. Nxd6+ $40) (13...
Qa5 $1 $15 {/\} 14. O-O g6) 14. O-O Bxf5 (14... Ncxe4 15. Nxe4 Nxe4 16. Qxf4
Nxf2 17. Qxf2 $32 {|^}) ({Even here Black could have played} 14... Qa5 $5 15.
Nxd6+ (15. Be1 Bxf5 16. exf5 Be7 $13) 15... Bxd6 16. Qxd6 Ncxe4 17. Nxe4 Nxe4
18. Qd4 Nxf2 (18... Nf6 19. Bh4 $40) 19. Qxg7 Nh3+ $8 20. Kh1 Rf8 21. gxh3 Bxh3
22. Rxf4 Qg5 23. Re4+ Be6 24. Qc3 Rg8 25. Bf3 $13) 15. exf5 Be7 16. Bd4 O-O 17.
Rf3 (17. Qxf4 Rae8 18. Rf3 (18. Bf3 $5) {gives Black the extra option} 18...
Nh5 $1 19. Qg4 Bf6 $15) 17... Qa5 18. Qxf4 Rae8 (18... Nh5 19. Qg4 Bf6 20. Nd5
Bxd4+ 21. Qxd4 $44) 19. Rg3 Kh7 20. a4 (20. Nd5 $6 Qxa2 21. Rd1 Ncd7 {leads
nowhere}) (20. Bf3 $5) 20... Bd8 $5 {A sound idea, Black returns the extra P
to activate his forces...} (20... d5 21. Bf3 (21. Nxd5 Nce4 $1 $17) 21... Ncd7
{/\Bc5=}) 21. Qxd6 (21. Bf3 $5 Nxa4 22. Ne4 Re5 $1 23. c3 $13) 21... Nxa4 $2 {
[%mdl 64] However, this greedy move runs into a powerful tactic.} (21... Ncd7 {
[%cal Rd8c7] /\Bc7} 22. Rd3 Bc7 23. Qa3 (23. Qb4 $2 Qxb4 24. Rxb4 Ba5 $19)
23... Be5 $15 {is pleasant and almost riskless for Black.} {/\} 24. Rxb7 $2
Bxd4+ 25. Rxd4 Rxe2 $1 $19) 22. Ne4 $1 {[%csl Rf8][%cal Re4f6,Rg3g7] /\Rg7,Nf6,
><f8 An abrupt end, the overloaded defences suddenly collapse.} Be7 (22... Rxe4
23. Qxf8 $18) (22... Qc7 23. Rxg7+ $1 Kxg7 24. Nxf6 Qxd6 25. Nxe8+ $18) 23.
Bxf6 $1 (23. Rxg7+ Kxg7 24. Qg3+ Kh7 25. Rxb7 $1 $18 {wins, but the text is
simpler and prettier.}) 23... Bxd6 (23... Bxf6 24. Nxf6+ gxf6 25. Qxf6 Rg8 26.
Qxf7+ Kh8 27. Qf6+ Kh7 28. Rxb7+) 24. Rxg7+ Kh8 25. Ng5 $1 Bxh2+ (25... hxg5
26. Rxg5+ Kh7 27. Rh5+ Kg8 28. Rh8#) 26. Kh1 {[%cal Rg7h7,Rh7h8] Mate on h8
can only be postponed, not avoided.} 1-0

[Event "Corus-C"]
[Site "Wijk aan Zee"]
[Date "2010.01.18"]
[Round "3"]
[White "Vocaturo, Daniele"]
[Black "Van Kampen, Robin"]
[Result "1-0"]
[WhiteElo "2495"]
[BlackElo "2475"]
[Annotator "Tiviakov,S"]
[PlyCount "45"]
[EventDate "2010.01.16"]
[EventType "tourn"]
[EventRounds "13"]
[EventCountry "NED"]
[EventCategory "9"]
[SourceTitle "CBM 134 Extra"]
[Source "ChessBase"]
[SourceDate "2010.03.03"]
[SourceVersion "1"]
[SourceVersionDate "2010.03.03"]
[SourceQuality "1"]

1. e4 c5 2. Nf3 d6 3. d4 cxd4 4. Nxd4 Nf6 5. Nc3 a6 6. Bg5 Nbd7 7. Bc4 e6 8.
Qe2 b5 9. Bb3 Nc5 10. O-O-O b4 $146 (10... h6 11. Bxf6 Qxf6 12. Kb1 Nxb3 13.
axb3 Bd7 14. f4 Qxf4 15. Rhf1 Qe5 16. Qf3 f6 17. Nce2 g5 18. Qh5+ Ke7 19. Nc3
Be8 20. Qf3 Kf7 21. Qh5+ Kg7 22. Qh3 Bf7 23. Nc6 Qc5 24. Qf3 f5 25. exf5 Qxf5
26. Qe3 Qg6 27. Rf2 Be8 28. Nd4 Bd7 29. Rdf1 Be7 30. Nd5 Bd8 31. Nxe6+ Bxe6 32.
Qd4+ Kh7 33. Nf6+ Kg7 34. Nd7+ Kh7 35. Nf8+ Rxf8 36. Rxf8 Bg8 37. Rxg8 Qxg8 38.
Qe4+ Kg7 39. Qxa8 Qe8 40. Qb7+ Be7 41. Re1 Kf8 42. Qxa6 Qd7 43. Qa8+ Kg7 44.
Qd5 Bf6 45. Qe6 Qc7 46. Rf1 Be5 47. g3 Qb7 48. h4 Bxg3 49. hxg5 hxg5 50. Qf6+
Kh7 51. Qxg5 Be5 52. Rg1 Qg7 53. Qf5+ {1-0 Haucke,A-Bouroutzakis,G/Kiel 2001/
EXT 2003 (53)}) (10... Qc7 11. f4 (11. Bxf6 gxf6 12. Rhe1 b4 13. Nd5 Bh6+ 14.
Ne3 Bb7 15. Kb1 Nxe4 16. Qh5 Bxe3 17. Nxe6 Qd7 18. Rxe3 Ke7 19. Nc5 dxc5 20.
Rxd7+ Kxd7 21. Qxf7+ Kc8 22. Bd5 Nd6 23. Qe6+ Kc7 24. Qe7+ Kc8 25. Qxd6 Rd8 26.
Be6+ {1-0 Zawadzka,J-Fedorchuk,S/Warsaw 2005/CBM 110 ext (26)}) 11... Bb7 12.
f5 b4 13. Na4 Nxb3+ 14. axb3 e5 15. Bxf6 gxf6 16. Nf3 Rc8 17. Kb1 Rg8 18. c4
Bc6 19. Rhe1 Qa5 20. Rd5 Bxd5 21. exd5 Kd7 22. Nd2 Be7 23. Ne4 Rg7 24. g4 Bd8
25. h3 Bb6 26. Nxf6+ Kc7 27. c5 Bxc5 28. Nxc5 dxc5 29. Qxe5+ Kb7 30. d6 Qb5 31.
d7 Rd8 32. Qe7 Qd3+ 33. Ka2 c4 34. Qxd8 Qxb3+ 35. Ka1 c3 36. Qc8+ Ka7 37. Qc7+
{1-0 Guid,M-Justin,M/Bled 2005/CBM 109 ext (37)}) 11. Na4 Nxb3+ 12. axb3 Bd7 (
12... Bb7 13. e5 Qa5 14. Bxf6 gxf6 15. exd6 $40) 13. e5 dxe5 14. Qxe5 Rc8 (
14... Be7 15. Nc5 (15. Nc6 $140 $6 Ng4) 15... Bxc5 16. Qxc5 Ne4 17. Bxd8 Nxc5
18. Ba5 Rb8 19. Rhe1 f6 20. f4 $14) 15. Rhe1 Be7 $2 (15... Qc7 16. Bxf6 (16.
Qxc7 Rxc7 $13) 16... gxf6 17. Qxf6 Rg8 18. g3 Be7 19. Qe5 Qxe5 20. Rxe5 $44)
16. Nf5 $1 $18 exf5 17. Nb6 (17. Rxd7 Qxd7 18. Nb6 Qe6 $1 19. Nxc8 Bc5 $11)
17... Rc7 (17... Be6 18. Rxd8+ Rxd8 19. Rd1 $18) 18. Nd5 Nxd5 19. Qxg7 Rf8 20.
Rxd5 f6 (20... Rxc2+ 21. Kxc2 Qc7+ 22. Kb1 Be6 23. Bxe7 $18) 21. Bxf6 Rf7 22.
Qg8+ Rf8 23. Qg5 1-0

[Event "GER-ch 70th"]
[Site "Bremen"]
[Date "1998.11.12"]
[Round "7"]
[White "Enders, Peter"]
[Black "Wahls, Matthias"]
[Result "0-1"]
[WhiteElo "2485"]
[BlackElo "2605"]
[Annotator "Tyomkin,D"]
[PlyCount "78"]
[EventDate "1998.11.06"]
[EventType "swiss"]
[EventRounds "9"]
[EventCountry "GER"]
[SourceTitle "CBM 068"]
[Source "ChessBase"]
[SourceDate "1999.02.01"]
[SourceVersion "1"]
[SourceVersionDate "1999.02.01"]
[SourceQuality "1"]

{[%mdl 1]} 1. e4 {Hecht} c5 2. Nf3 d6 3. d4 cxd4 4. Nxd4 Nf6 5. Nc3 a6 6. Bg5
Nbd7 7. f4 g6 (7... e6 {-leads to the Naidorf.}) 8. Qf3 {The last game in this
line was in 1961 according my database.} Bg7 9. O-O-O Qc7 10. Kb1 O-O 11. Be2
Re8 {[%cal Ge7e5]} 12. h4 b5 (12... h6 13. Bxf6 (13. g4 hxg5 14. hxg5 Nh7 $17)
13... Nxf6 14. h5 $14) 13. h5 e5 14. fxe5 Rxe5 (14... dxe5 15. Nb3 Bb7 16. hxg6
hxg6 17. Qh3 $16 (17. Rhf1 {[%csl Rf7][%cal Rd1d7]} Rf8 $8)) 15. Bf4 Re8 16.
hxg6 fxg6 {The tactical fight is starting now.Both sides didn't play best
moves,but that's easy to judge from home moreover using analysis engines.} 17.
Ndxb5 $2 {[%mdl 64]} (17. e5 Bb7 (17... dxe5 18. Qxa8 exf4 (18... Bb7 19. Bxe5)
19. Nd5 $16) 18. exd6 Bxf3 19. dxc7 Bxg2 20. Rhg1 Bb7 {[%cal Gb5b4]}) 17...
axb5 18. Nxb5 Qa5 19. Bc4+ d5 $1 {I guess white understimated this move.} (
19... Kh8 20. Nxd6 $18) 20. exd5 (20. Rxd5 Nb6 21. Bc7 Qb4 $19) 20... Ba6 $2 (
20... Nb6 $1 21. Bc7 Bg4 $19) 21. Bc7 Bxb5 (21... Qb4 22. Qb3) 22. Bxa5 Bxc4 {
[%mdl 1024] Black has 3 light pieces for the queen and 3pawns.But the
advantage on black side because of the strong attack against white king.But
white "solves" all problems with the next move which lose at once.} 23. Bb4 $4
(23. Qc3 $1 Bxd5 24. Rhe1 Reb8 $40) 23... Bxa2+ $19 24. Kc1 Bc4 $1 (24... Bxd5
$2 25. Rxd5 Ra1+ 26. Kd2 Rxh1 27. Rxd7 $1) 25. Ba3 (25. Rde1 Ra1+ 26. Kd2 Rexe1
27. Rxe1 Bh6+ $19) 25... Be2 26. Qh3 Bg4 27. Qg3 Bxd1 28. Rxd1 Ne4 29. Qc7 Reb8
$1 {[%mdl 128]} 30. c4 (30. Qxd7 Bh6+ 31. Kb1 Nc3+ $19) 30... Ne5 {[%cal Rb8c8]
} 31. d6 Rc8 32. Qb7 Nxc4 33. d7 Bh6+ 34. Kb1 Ned2+ 35. Ka2 (35. Ka1 Rcb8 36.
Qd5+ Kh8 37. Rxd2 Nxd2 38. Qd4+ Bg7 39. Qxd2 Rxa3+ $19) (35. Kc1 Nf1+ 36. Kc2
Nfe3+ 37. Kd3 Rcb8 $19) 35... Rcb8 36. Qd5+ Kh8 37. Rxd2 Nxd2 {Hecht: '[#]
Taktik (Fesselung)!'} 38. Qd4+ {'?' Hecht.} (38. b4 $1 $44 {Hecht}) 38... Bg7
39. Qxd2 Rxb2+ 0-1

[Event "New York op"]
[Site "New York"]
[Date "1998.03.17"]
[Round "4"]
[White "Stripunsky, Alexander"]
[Black "Granda Zuniga, Julio E"]
[Result "1-0"]
[WhiteElo "2475"]
[BlackElo "2630"]
[Annotator "Tyomkin,D"]
[PlyCount "31"]
[EventDate "1998.03.16"]
[EventType "swiss"]
[EventRounds "9"]
[EventCountry "USA"]
[SourceTitle "CBM 064"]
[Source "ChessBase"]
[SourceDate "1998.06.02"]
[SourceVersion "1"]
[SourceVersionDate "1998.06.02"]
[SourceQuality "1"]

1. e4 c5 2. Nf3 d6 3. d4 cxd4 4. Nxd4 Nf6 5. Nc3 a6 6. Bg5 Nbd7 7. f4 Qb6 8.
Qd2 Qxb2 9. Rb1 Qa3 10. Bxf6 gxf6 11. Nd5 Rb8 12. Rb3 Qa4 $2 {This is probably
losing by force.} (12... Qxa2 $142 13. Qb4 (13. Qc3 $5) 13... a5 (13... Qa1+
14. Kd2 $1 a5 15. Nc7+ Kd8 16. Nde6+ fxe6 17. Nxe6+ Ke8 18. Be2 $1 Rg8 $1 $146
{Tyomkin,D} (18... h5 19. Qb5 $18 {Van der Wiel})) 14. Qc3 e6 15. Bb5 a4 $2 (
15... exd5 16. O-O {[%cal Gf1a1] /\ Ra1 Van der Wiel} dxe4 17. Ra1 Qxa1+ 18.
Qxa1 $18) 16. Qc7 exd5 17. Qxb8 Kd8 18. Bxd7 Kxd7 19. Rxb7+ {1-0 Van der Wiel,
J-Danner,G/Luzern olm 1982}) 13. Bxa6 $1 $16 {/+-} (13. Rb4 {Tyomkin,D} Qa5 (
13... Qxa2 14. Qc3) 14. f5 Ne5 $2 (14... h5 $5) 15. Bxa6 h5 16. Bb5+ Bd7 17.
Bxd7+ Nxd7 18. Nc6 Bh6 19. Nxa5 Bxd2+ 20. Kxd2 Rg8 21. g3 e6 22. Nf4 Nc5 23.
Nxh5 {1-0 Rogulj,B-Nemet,I/Zagreb YUG ch 1977}) 13... e5 $146 (13... bxa6 14.
Qc3 $18 Qxb3 (14... Bb7 15. Rxb7) 15. cxb3 Bb7 16. Nc7+ Kd8 17. Qa5 Kc8 18. O-O
Bxe4 19. Rc1 Nc5 20. b4 e5 21. Nxa6 Rb7 22. bxc5 {1-0 Vitolinsh,A-Arakas/USSR
1978}) (13... Qxa2 14. Qc3 e6 15. Bxb7 $1 exd5 16. Bxc8 Rxb3 17. cxb3 $18) 14.
Rb4 Qxa2 (14... Qa5 15. Nb3 (15. Bb5 $5)) 15. Nb3 bxa6 {[%tqu "En","","","",
"d2c3","",10,"d2c3","",0]} 16. Qc3 $1 (16. Qc3 Ra8 $8 17. O-O a5 18. Rb5 {
[%cal Rb5a5]} a4 19. Nc1 $18) 1-0